01309nam a2200289 a 450000100100000000500170001000800410002702000150006804000250008308200200010810000290012824500870015726000370024430000210028150400730030250400310037559000250040665000690043165000500050065000500055065100600060071000630066091000410072395201170076495201230088199900150100400000598320200929151854.0090825s2002 dr 000 0 spa d a9993403334 aDO-SdBNPbspacBNPHU a351.7293bM433h1 aMatías, Bernardo9600410aHacia una nueva cultura de la gestión pública dominicana /cBernardo Matías. aSanto Domingo :bCOSALUP,c2002. a164 p. ;c22 cm. aIncluye referencias bibliográficas y notas al pie de las páginas aBibliografía: p. 161-164 aInventariado,2018/DG 4aDescentralización administrativazRepública Dominicana93012 4aSociedad civilzRepública Dominicana914011 4aSalud públicazRepública Dominicana92078 4aRepública DominicanaxAdministración Pública96571 aColectivo de Salud Popular (República Dominicana)916864 aValidado. Control de calidad MMOLINA 0010718PDaPDbPDcCTd2009-08-25iLF1l0o351.7293 M433hp5983-10r2020-06-25w2020-06-25yLFPDZNo se presta 0010718PDaPDbPDcCTd2009-08-25iLF1l0o351.7293 M433hp5983-20r2020-06-25te. 2w2020-06-25yLFPDZNo se presta c5779d5779